000 00606nam a22002057a 4500
005 20251108175244.0
008 250721s2013 xx 000 0 ara d
082 1 4 _a923.1/راف
100 1 _aرافع، ساهر
245 1 0 _aقطز : قاهر التتار /
264 1 _aالجيزة :
_bالدار العالمية للكتب و النشر،
_c2013.
300 _a128 ص.
650 1 7 _aالتراجم
650 1 7 _aالقادة الدينيون
650 1 7 _aالتاريخ الإسلامي
650 1 7 _aالمغول
650 1 7 _aالمماليك
942 _2ddc
_cBK
999 _c129856
_d129856